Country Names Containing a Letter - V - Statistics

General Stats
  • This quiz has been taken 151 times
  • The average score is 14 of 18
Answer Stats
Hint Answer % Correct
1 x V Venezuela
97%
1 x V Vatican City
95%
1 x V Vanuatu
88%
1 x V Vietnam
88%
1 x V Bolivia
84%
1 x V Tuvalu
84%
1 x V Latvia
82%
1 x V Saint Vincent and the Grenadines
78%
1 x V Saint Kitts and Nevis
77%
1 x V Slovakia
74%
1 x V Slovenia
74%
1 x V Moldova
73%
1 x V Bosnia and Herzegovina
70%
1 x V Ivory Coast
70%
1 x V Kosovo
68%
1 x V Cape Verde
66%
1 x V Maldives
64%
1 x V El Salvador
52%
No matching quizzes found
Score Distribution
Percent of People with Each Score
Percentile by Number Answered
Your Score History
You have not taken this quiz